Who Am I? Mythical Beasts & Legendary Creatures Quiz Stats

Quiz Updated Sep 21, 2016

Score 0/40 Timer 10:00
0 Plays Today
% Correct
The Loch Ness Monster
91%
Grim Reaper
90.4%
Vampire
90.4%
Werewolf
90.3%
Leprechaun
90.1%
Dragon
90.1%
Unicorn
90%
Phoenix
89.8%
Elf
89%
Bogeyman
88.3%
Zombie
88.2%
Yeti
87.4%
Giant
85.9%
Troll
84.3%
Mongolian Death Worm
83.6%
Gnome
82.4%
The Jersey Devil
82%
Fairy
81.4%
Sandman
79.6%
Sasquatch
79.4%
% Correct
Poltergeist
79.2%
Jackalope
79%
Banshee
77%
Yuki-Onna
76.6%
Swan Maiden
75%
Goblin
74.5%
Thunderbird
71.5%
Chupacabra
70.9%
Ogre
69.1%
Will-o'-the-Wisp
68.1%
Changeling
67.4%
Djinni
65.3%
Black Dog
64.7%
Golem
63.9%
Mothman
57.2%
Lorelei
56%
Selkie
52.5%
Akhlut
49.3%
Ogopogo
48.4%
Wendigo
45.2%

You're not logged in!

Compare scores with friends on all Sporcle quizzes.
Join for Free
OR
Log In

You Might Also Like...

Show Comments

Extras

Top Quizzes Today


Score Distribution

Your Account Isn't Verified!

In order to create a playlist on Sporcle, you need to verify the email address you used during registration. Go to your Sporcle Settings to finish the process.

Report this User

Report this user for behavior that violates our Community Guidelines.

Details: